[Event "GER-ch U08"]
[Site "Willingen"]
[Date "2023.06.03"]
[Round "7"]
[White "Sriram, Aumkar"]
[Black "Von Flottwell, Lionel"]
[Result "0-1"]
[WhiteElo "1126"]
[BlackElo "1136"]
[PlyCount "98"]
[EventDate "2023.05.30"]
[EventType "swiss"]
[EventRounds "7"]
[EventCountry "GER"]
[SourceTitle "CBM 214 Extra"]
[Source "ChessBase"]
[SourceDate "2023.07.31"]
[SourceVersion "1"]
[SourceVersionDate "2023.07.31"]
[SourceQuality "1"]

1. c4 e5 2. e4 Nf6 3. Nc3 d6 4. g3 c6 5. Bg2 Be7 6. Nge2 Be6 7. d3 0-0 8. h3 Qd7 9. Be3 Na6 10. a3 d5 11. cxd5 cxd5 12. Rc1 d4 13. Qa4 Qxa4 14. Nxa4 dxe3 15. fxe3 Rfd8 16. d4 exd4 17. exd4 Rac8 18. e5 Rxc1+ 19. Nxc1 Nh5 20. Ne2 Bc4 21. g4 Bxe2 22. gxh5 Bxh5 23. Bxb7 Rxd4 24. Bxa6 Rd1+ 25. Kf2 Rxh1 26. b4 Ra1 27. Nc5 Rxa3 28. Bc8 Bxc5+ 29. bxc5 Rc3 30. Bd7 Rxc5 31. Ba4 Rxe5 32. Kg3 g5 33. h4 h6 34. Bc2 f5 35. hxg5 hxg5 36. Bb1 a5 37. Ba2+ Kf8 38. Bb1 a4 39. Ba2 Re3+ 40. Kf2 Re2+ 41. Kg3 Rxa2 42. Kh3 Ra1 43. Kg2 Rb1 44. Kf2 a3 45. Ke3 Rd1 46. Kf2 a2 47. Kg2 a1Q 48. Kg3 Rd2 49. Kh3 Qa3# 0-1

[Event "GER-ch U08"]
[Site "Willingen"]
[Date "2023.06.01"]
[Round "4"]
[White "Von Flottwell, Lionel"]
[Black "Roessling, Johannes"]
[Result "1-0"]
[WhiteElo "1136"]
[BlackElo "1328"]
[PlyCount "159"]
[EventDate "2023.05.30"]
[EventType "swiss"]
[EventRounds "7"]
[EventCountry "GER"]
[SourceTitle "CBM 214 Extra"]
[Source "ChessBase"]
[SourceDate "2023.07.31"]
[SourceVersion "1"]
[SourceVersionDate "2023.07.31"]
[SourceQuality "1"]

1. e4 e5 2. Nf3 Nc6 3. Nc3 Nf6 4. d4 exd4 5. Nxd4 Bb4 6. Nxc6 bxc6 7. Bd3 0-0 8. 0-0 d5 9. exd5 cxd5 10. Bg5 c6 11. Qf3 Be7 12. Rfe1 Rb8 13. Rab1 Be6 14. h3 Re8 15. Qg3 Rb6 16. Qh4 g6 17. Ne2 Nh5 18. Bxe7 Qxe7 19. Qxe7 Rxe7 20. b3 Ng7 21. Nf4 Rbb7 22. Re2 Rb8 23. Rbe1 Rbe8 24. Re3 a5 25. c3 h6 26. b4 axb4 27. cxb4 Kf8 28. Rf3 Bf5 29. Rxe7 Rxe7 30. Bxf5 Nxf5 31. a4 Re1+ 32. Kh2 Rb1 33. Nd3 Nd4 34. Rf4 Ne2 35. Rf6 Nc1 36. Nxc1 Rxc1 37. a5 Rb1 38. Rxc6 Rxb4 39. a6 Ke7 40. a7 Ra4 41. Rc7+ Kd8 42. Rxf7 Kc8 43. Rf8+ Kb7 44. Rd8 d4 45. Rd6 Kxa7 46. Kg3 Ra3+ 47. Kf4 d3 48. Ke3 d2+ 49. Kxd2 Ra2+ 50. Ke3 Ra3+ 51. Ke2 Ra2+ 52. Ke3 Ra3+ 53. Kf4 Ra4+ 54. Kg3 Ra3+ 55. f3 g5 56. Rxh6 Ra5 57. Rg6 Kb7 58. Kg4 Ra2 59. g3 Ra4+ 60. Kxg5 Ra5+ 61. Kg4 Ra4+ 62. f4 Ra5 63. Rg5 Ra6 64. Kh5 Kc7 65. Rg7+ Kd8 66. g4 Ke8 67. g5 Kf8 68. Rb7 Ke8 69. g6 Ra5+ 70. Kh6 Ra3 71. h4 Rg3 72. h5 Rg2 73. g7 Kd8 74. f5 Ke8 75. f6 Kd8 76. f7 Kc8 77. Ra7 Kb8 78. Re7 Rg6+ 79. Kxg6 Ka8 80. f8Q# 1-0

[Event "GER-ch U08"]
[Site "Willingen"]
[Date "2022.06.09"]
[Round "4"]
[White "Von Flottwell, Lionel"]
[Black "Sauer, Ben"]
[Result "0-1"]
[WhiteElo "787"]
[BlackElo "1254"]
[PlyCount "38"]
[EventDate "2022.06.07"]
[EventType "swiss"]
[EventRounds "7"]
[EventCountry "GER"]
[SourceTitle "EXT 2023"]
[Source "ChessBase"]
[SourceDate "2022.10.05"]
[SourceVersion "1"]
[SourceVersionDate "2022.10.05"]
[SourceQuality "1"]

1. d4 d5 2. Bf4 Nf6 3. e3 Nc6 4. c3 Bf5 5. Bd3 Bxd3 6. Qxd3 e6 7. Nf3 Bd6 8. Bg3 Qe7 9. 0-0 e5 10. Qc2 e4 11. Nfd2 h5 12. Bxd6 Qxd6 13. Na3 Ng4 14. g3 a6 15. c4 h4 16. f3 Nxe3 17. Qc3 Nxf1 18. Rxf1 hxg3 19. hxg3 Qxg3# 0-1